000 00299nam a22001337a 4500
020 _a1-8442-2953-X
082 _a823
_bREA/M
100 _aREADER COLIN
245 _aMAGIC HAT
_bLITTLE RED TRACTOR
260 _aITALY
_bLADY BIRD
300 _a29
650 _aENGLISH SHORT STORY
_zITALY
942 _cBK
999 _c2158
_d2158